000 00627nam a2200157 a 4500
090 _aIAVH
_b01369
041 _aspa
100 _aGonzález, D.
_992682
245 _aProductos naturales no maderables (PNNM) en Colombia
_bestado del arte de la investigación y otros aspectos
260 _aBogotá
_bIAVH
_c2003
650 _aComercialización de productos
_96152
650 _aProductos naturales no maderables
_94202
650 _aCertificación forestal
_98312
650 _aLegislación forestal
_93847
710 _a^aInstituto de Investigación de Recursos Biológicos Alexander von Humboldt^dBiocomercio Sostenible^sIAvH
_992685
999 _c7088
_d7088